LIBRARY & INFORMATION CENTRE, KCAET, TAVANUR

ONLINE PUBLIC ACCESS CATALOGUE (OPAC)

Manideepam / (Record no. 4401)

MARC details
000 -LEADER
fixed length control field 00315cam a2200133ua 4500
041 ## - LANGUAGE CODE
Language code of text/sound track or separate title mal
082 ## - DEWEY DECIMAL CLASSIFICATION NUMBER
Classification number 89.812301
Item number KRI/MA
100 ## - MAIN ENTRY--AUTHOR NAME
Personal name Krishna Pisharodi, Attur .
245 ## - TITLE STATEMENT
Title Manideepam /
300 ## - PHYSICAL DESCRIPTION
Number of Pages 136 ; .
942 ## - ADDED ENTRY ELEMENTS (KOHA)
Koha item type Books
Holdings
Withdrawn status Lost status Damaged status Home library Current library Date acquired Full call number Accession Number Koha item type
Withdrawn     KAUAET Sanskrit University 07/04/2012 89.812301 1663 Books
free website counter